000 00560nam a22002297a 4500
003 UA-OsUOA
001 66783
007 ta
008 20100127b un ||||| |||| 00| 0 ukr d
100 _aЛевандовский А.
090 _a94(44)
_bЛ34
942 _cBK
040 _aUA-OsUOA
_brus
_cUA-OsUOA
_dUA-OsUOA
245 _aЖанна д'Арк
300 _a256 с.
955 _a2
041 _arus
080 _a94(44)
260 _aМ.
_c1982
650 7 _a9 Географія. Біографії. Історія
_2UDC
999 _c353267
_d353267